01142na a2200289 450000100060000000300080000600500170001400800410003102000180007203500100009004000250010004100080012508200200013324502280015324600450038125000180042626000660044430000260051049000530053649000220058950400290061161000490064065000490068965000470073865100490078570000180083414533MIRAKIL20181213154741.0161129b tu 000 0  a9786053992356 a14533 aMilasbturcTR-AnCHP atur a327.1bT96 2012 aTürk dış politikası çalışmalarıbCumhuriyet dönemi için ulusal rehberbarşivler, resmi ve yarı resmi yayınları, özel yıllıklar, haber dergileri, anılar ve yaşamöykülericderleyen Engin Berber aCumhuriyet dönemi için ulusal rehber agnşl. 2 bs. aİstanbulbİstanbul Bilgi Üniversitesi Yayınlarıc2012 a186 s.bfotg.c23 sm. aİstanbul Bilgi Üniversitesi yayınlarıv170 aDün-bugünv16 aKaynakça ve dizin var. aBaşbakanlık Osmanlı ArşivixKataloglar aDış politikaxBibliyografyalarzTürkiye aSiyaset ve yönetimxKaynaklarzTürkiye aTürkiyexDış politikayKaynaklaryTarih aBerber, Engin